Introduction to geophysical fluid dynamics. Physical and numerical aspects

Guardat en:
Dades bibliogràfiques
Autors principals: Cushman-Roisin, Benoit (Autor), Beckers, Jean-Marie (Autor)
Format: Llibre
Idioma:anglès
Publicat: Amsterdam, The Netherlands Elsevier 2011
Edició:Second edition
Col·lecció:International Geophysics Series, 101
Matèries:
Accés en línia:Disponible Online
Etiquetes: Afegir etiqueta
Sense etiquetes, Sigues el primer a etiquetar aquest registre!

MARC

LEADER 00000cam a2200000 a 4500
001 UCF2581
003 CL-VaPUC
005 20210630001455.0
008 120830e20110000NE |||||||||||||||||eng|d
999 |c 349123  |d 349121 
020 |a 9780120887590 
040 |c Pontificia Universidad Católica de Valparaíso 
082 0 4 |a 550.1 CUS 2011  |2 21 
100 0 |a Cushman-Roisin, Benoit  |e author  |9 564277 
245 1 0 |a Introduction to geophysical fluid dynamics.  |b Physical and numerical aspects 
250 |a Second edition  
260 |a Amsterdam, The Netherlands  |b Elsevier  |c 2011 
300 |a 828 páginas  
490 0 |a International Geophysics Series, 101 
583 |a last modification  |c 20120830 10:25:00  |k Rodrigo Vera 
650 0 |a Geofísica  |9 261453 
650 0 |a Ciencias físicas y naturales  |2 CL-VaPUC  |9 360507 
650 0 |a Geología dinámica   |2 CL-VaPUC  |9 360601 
700 0 |a Beckers, Jean-Marie  |e author  |9 564278 
856 |u http://bibliografiadigital.pucv.cl.pucv.idm.oclc.org/index.php/bibliotecapucv/catalog/book/547  |y Disponible Online  
942 |c BK  |2 ddc 
945 |d 20120830 00:00:00  |a dcastane 
952 |0 0  |1 0  |2 ddc  |4 0  |6 550_100000000000000_CUS_2011  |7 0  |8 CCM  |9 451566  |a BIBCUR  |b BIBCUR  |d 2019-11-22  |i 4896831  |o 550.1 CUS 2011  |p 4896831  |r 2025-04-22  |w 2019-11-22  |y BK  |k CIM